| 000 | 00680nam a2200205Ia 4500 | ||
|---|---|---|---|
| 003 | IN-BaIIA | ||
| 008 | 211028s9999 xx 000 0 eng d | ||
| 040 | _cIIA Library | ||
| 080 |
_a52(082.2) _bPRO |
||
| 100 |
_aHidayat, B _914600 |
||
| 245 | 0 |
_aProceedings of the second asian-pacific regional meeting on astronomy Bandung, Indonesia, 24 - 29 August, 1981 _cB. Hidayat and M W Feast |
|
| 260 |
_aJakarta _bTira Pustaka _c1984 |
||
| 300 | _axii, 571p. | ||
| 650 |
_aAstronomy _980 |
||
| 650 | _aAstronomy and astrophysics thesaurus | ||
| 650 |
_aAstrophysics _9794 |
||
| 650 |
_aGalactic structure, Stars binary, Pulsars _914601 |
||
| 700 |
_aFeast, M W _914602 |
||
| 942 | _cBK | ||
| 999 |
_c8688 _d8688 |
||